| 000 | 00456nam a2200169Ia 4500 | ||
|---|---|---|---|
| 003 | GCL | ||
| 008 | 140319s9999 xx 000 0 ara d | ||
| 040 |
_aGCL / _cGCL |
||
| 082 | 0 | 4 |
_aط _b371.333 _bس أ |
| 100 | 1 | _aسفير | |
| 245 | 1 | 0 |
_aالعاب تركيب / _cسفير |
| 260 |
_a[S.N] : _bسفير |
||
| 490 |
_aسفيرالكلمة الطيبة _v0 |
||
| 650 | 0 | 4 | _aالاطفال |
| 650 | 0 | 4 | _aالالعاب التعليمية |
| 942 |
_2ddc _cBK |
||
| 999 |
_c56893 _d56893 |
||